Ra, the path of the Sun God : a vision of ancient Egypt

Η σκηνοθέτης Lesley Keen αναπαριστά τα θρησκευτικά πιστεύω των αρχαίων Αιγυπτίων μαζί με τις απαντήσεις τους στα αιώνια ερωτήματα: πώς δημιουργήθηκε ο κόσμος, από που προήλθε ο άνθρωπος, τι γίνεται μετά το θάνατο, υπάρχει μεταθανάτια ζωή. Όλα αυτά με τη χρήση γραφικών, οπτικών εφέ, υποβλητικής μουσι...

Πλήρης περιγραφή

Αποθηκεύτηκε σε:
Λεπτομέρειες βιβλιογραφικής εγγραφής
Άλλοι συγγραφείς: Keen, Lesley (Διευθυντής, Σεναριογράφος)
Μορφή: Διαφάνειες
Γλώσσα:English
Δημοσίευση: [S.l.] : Connoisseur, 1990
Σειρά:Connoisseur animation series
Θέματα:
Ετικέτες: Προσθήκη ετικέτας
Δεν υπάρχουν, Καταχωρήστε ετικέτα πρώτοι!

MARC

LEADER 00000 gm a2200000 i 4500
001 1/26300
008 130221s1990 eng d
035 |l 10113806 
040 |a GR-MY-UA  |b gre  |e aacr 
041 0 |a eng 
082 0 |a 299.31  |2 (22) 
245 1 0 |a Ra, the path of the Sun God :  |h [μαγνητοσκόπηση] /  |b a vision of ancient Egypt  |c Written, animated and directed by Lesley Keen 
260 |a [S.l.] :   |b Connoisseur,   |c 1990 
300 |a 1 βιντεοκασέτα (72 λεπτ.);  |b ομίλ., έγχρ.;  |c 1/2 ίν. 
490 1 |a Connoisseur animation series 
500 |a VHS 
508 |a Μουσική: Tom Rennie και Stuart Mcinnes, παραγωγή: Jan Culik 
511 |a Αφήγηση: Tamara Kennedy, Michael Mackenzie 
520 |a Η σκηνοθέτης Lesley Keen αναπαριστά τα θρησκευτικά πιστεύω των αρχαίων Αιγυπτίων μαζί με τις απαντήσεις τους στα αιώνια ερωτήματα: πώς δημιουργήθηκε ο κόσμος, από που προήλθε ο άνθρωπος, τι γίνεται μετά το θάνατο, υπάρχει μεταθανάτια ζωή. Όλα αυτά με τη χρήση γραφικών, οπτικών εφέ, υποβλητικής μουσικής και συναρπαστικής αφήγησης. 
650 0 0 |a Ra (Egyptian deity) 
650 0 0 |a Mythology, Egyptian. 
650 0 0 |a Computer animation. 
700 1 |a Keen, Lesley.  |4 drt  |4 sce 
830 0 |a Connoisseur animation series 
852 |a INST  |b SYROS  |c AV  |e 20130221  |h 299.31 KEE  |p 005500010565  |q 005500010565  |t VC  |y 23 
901 |a BIBL5-2008-1 
909 |a Ε  |b 129784 
920 |a ΑΝΑΜΟΡΦΩΣΗ  |b ΕΠΕΑΕΚ ΙΙ-ΤΜΣΠΣ  |y ΣΥΡΟΣ  |z 2006-06 
970 |a ΚΟΝΤΟΥ  |b ΠΑΡΑΣΚΕΥΗ  |z 2013/02/21